1005 1482 1857 1912 1590 1269 1136 1443 1612 1110 1181 1505 1486 1475 1473 1060 1727 1525 1107 1197 1049 1949 1268 1509 1278 1378 1776 1523 1215 1802 1156 1166 1404 1466 1129 1208 1130 1363 1547 1279 1493 1284 1541 1531 1806 1444 1194 1845 1302 1109 1975 1609 1474 1504 1846 1847 1440 1607 1939 1737 1471 1706 1791 1263 1863 1524 1690 1942 1106 1185 1228 1289 1162 1648 1034 1845 1565 1170 1101 1449 1807 1801 1106 1661 1188 1164 1878 1083 1350 1140 1116 1891 1535 1036 1496 1600 1459 1800 1143 BCNSPRNW ULIB Ver.6.0+V

เปลี่ยนเป็นภาษาไทย

Change to English
 แสดงรายละเอียดบรรณานุกรม
  กลับหน้าหลัก

Brief Record : Get Marc (ISO 2709) : E-mail record : QR code < ปิดหน้าต่าง
LEADER : 00000nam 2200000uu 4500
001    13399115226
003     ULIB
008    120801s1997||||th 000 0 eng d
020    ^a914168819
060    ^aQS17^bN46
100    ^aNetter Frank H.
110    ^aELSEVIER
245    ^aAtlas of human anatomy /^cNetter Frank H.
260    ^aUSA :^bSaunders/ELSEVIER,^c1997
300    ^a580 pages
650    ^aHuman anatomy
945    ^p0^l0^i19159
945    ^p0^l0^i20239
999    ^aใช้งานได้ทุกระบบ
รายการนี้ยังไม่มีแท็ก
คุณยังไม่ได้ล็อกอิน คุณสามารถมีกิจกรรมร่วมกับเว็บไซต์ได้ แต่ต้องล็อกอินก่อน ::
  ล็อกอิน

รายการสื่อสารสนเทศ

ลำดับที่ ประเภท เลขเรียก/บาร์โค้ด สถานที่ สถานะ
1. วิทยาศาสตร์การแพทย์ และสุขภาพ
วิทยาศาสตร์การแพทย์ และสุขภาพ
QS17 N46 ฉ.2 
  Barcode: 20239
ห้องสมุดวิทยาเขตสวรรค์ประชารักษ์
►หนังสือทั่วไป
บนชั้น

รายการใกล้เคียง
    ผู้แต่ง [Netter Frank H.]

    หัวเรื่อง [Human anatomy]

BibComment


ยังไม่เคยถูกคอมเมนท์

คอมเมนท์ทรัพยากรรายการนี้
  คอมเมนท์: Atlas of human a..


 Copyright 2026. Bcnsprnw @Library